La nueva gerencia de recursos humanos: calidad y productividad

Tallennettuna:
Bibliografiset tiedot
Päätekijät: Páez, Tomás (autor), Gómez, Luis (Tekijä), Raydan, Enrique (Tekijä)
Aineistotyyppi: Kirja
Kieli:espanja
Julkaistu: Caracas FIM Productividad 1992
Painos:2a. ed
Aiheet:
Tagit: Lisää tagi
Ei tageja, Lisää ensimmäinen tagi!

MARC

LEADER 00000nam a2200000 a 4500
001 UCX7927
003 CL-VaPUC
008 940113e19920000VE |||||||||||||||||spa|d
082 0 4 |a 658.3  |b PAE  |2 21 
100 |a Páez, Tomás  |e autor  |9 324907 
700 0 |a Gómez, Luis  |e author  |9 324908 
700 0 |a Raydan, Enrique  |e author  |9 324909 
245 1 3 |a La nueva gerencia de recursos humanos: calidad y productividad 
250 |a 2a. ed 
300 |a 127 p 
942 |c BK 
945 |d 19940113 00:00:00  |a mfernand 
260 |a Caracas  |b FIM Productividad  |c 1992 
650 0 |a Administración del personal  |9 260442 
650 0 |a Recursos humanos   |9 228420 
583 |a last modification  |c 19940113 00:00:00  |k Rodrigo Vera 
999 |c 227593  |d 227591 
952 |0 0  |1 0  |4 0  |6 658_300000000000000_PAE_1992  |7 0  |8 A  |9 226711  |a BIBENE  |b BIBENE  |d 2019-11-15  |i 2946785  |o 658.3 PAE 1992  |p 2946785  |r 2025-01-15  |w 2019-11-15  |y BK  |k ICO